Řím po Marku Aureliovi /

Main Author: Héródianos, asi 180-asi 260
Language: Czech
Published: Praha : Svoboda, 1975
Edition: 1. vyd.
Series: Antická knihovna (Svoboda) ;
Online Access: Digitalizovaný dokument
Physical Description: 313 s.
Book
Saved in:
LEADER 01095nam a22003012a 4500
001 000037969
003 CZ BrMZK
005 20120720102159.0
007 ta
008 951201s1975 xr f 000 0 cze d
015 |a cnb000469712 
035 |a (OCoLC)42125383 
040 |a BOA001  |b cze 
041 1 |a cze  |h grc 
100 0 |a Héródianos,  |d asi 180-asi 260  |7 jn19990003492  |4 aut 
245 1 0 |a Řím po Marku Aureliovi /  |c Héródianos 
250 |a 1. vyd. 
260 |a Praha :  |b Svoboda,  |c 1975 
300 |a 313 s. 
490 1 |a Antická knihovna ;  |v sv. 30 
830 0 |a Antická knihovna (Svoboda) ;  |0 s 
856 4 1 |u http://www.digitalniknihovna.cz/mzk/uuid/uuid:c27b4b60-1913-11e3-9319-005056827e51  |y Digitalizovaný dokument  |x NDK 
910 |a BOA001  |b PK-0075.874  |b 2-0749.926 
920 |a 000363375 
964 |a Řím starověký - dějiny - r.180-238 
990 |a BK 
996 7 |b 2619825043  |c 2-0749.926  |l Sklad H1  |r Sklad / do 24 hodin  |n 13  |h HS 212  |w 000037969  |u 000020  |a 1  |e BOA001  |j MZK50  |s A 
996 7 |b 3119995037  |c PK-0075.874  |l MZK  |r Sklad / do 1 hodiny  |n 15  |w 000037969  |u 000010  |a 1  |e BOA001  |j MZK50  |s A